U.S. State Nicknames Quiz - Nickname to State - Statistics

General Stats
  • This quiz has been taken 11 times
  • The average score is 43 of 50
Answer Stats
Hint Answer % Correct
Grand Canyon State Arizona
100%
Golden State California
100%
Aloha State Hawaii
100%
Great Lakes State Michigan
100%
Silver State Nevada
100%
Mount Rushmore State South Dakota
100%
Centennial State Colorado
89%
First State Delaware
89%
Sunshine State Florida
89%
Peach State Georgia
89%
Hoosier State Indiana
89%
Hawkeye State Iowa
89%
Sunflower State Kansas
89%
Bluegrass State Kentucky
89%
North Star State Minnesota
89%
Show Me State Missouri
89%
Cornhusker State Nebrask
89%
Granite State New Hampshire
89%
Garden State New Jersey
89%
Land of Enchantment New Mexico
89%
Empire State New York
89%
Tar Heel State North Carolina
89%
Buckeye State Ohio
89%
Sooner State Oklahoma
89%
Beaver State Oregon
89%
Keystone State Pennsylvania
89%
Palmetto State South Carolina
89%
Volunteer State Tennessee
89%
Lone Star State Texas
89%
Beehive State Utah
89%
Green Mountain State Vermont
89%
Old Dominion State Virginia
89%
Badger State Wisconsin
89%
Equality State, Cowboy State Wyoming
89%
Last Frontier Alaska
78%
Natural State Arkansas
78%
Constitution State Connecticut
78%
Gem State Idaho
78%
Pelican State Louisiana
78%
Pine Tree State Maine
78%
Old Line State Maryland
78%
Bay State Massachusetts
78%
Magnolia State Mississippi
78%
Treasure State Montana
78%
Peace Garden State North Dakota
78%
Evergreen State Washington
78%
Mountain State West Virginia
78%
Yellowhammer State Alabama
67%
Prairie State Illinois
67%
Ocean State Rhode Island
67%
No matching quizzes found
Score Distribution
Percent of People with Each Score
Percentile by Number Answered
Your Score History
You have not taken this quiz